Statistics for Languages of the Southern Hemisphere

Click here to take the quiz!

General Stats

  • This quiz has been taken 92 times
  • The average score is 12 of 18

Answer Stats

# speakersHintAnswer% Correct
50 millionAustralia, South AfricaEnglish
97%
112 millionSpanish
95%
240 millionPortuguese
91%
40 millionIndonesiaIndonesian
88%
30 millionTanzania, DCRSwahili
85%
10.4 millionSouth AfricaZulu
79%
10.3 millionSouth AfricaAfrikaans
77%
35 millionCongoFrench
76%
84.3 millionIndonesiaJavanese
76%
7.6 millionSouth AfricaXhosa
69%
18 millionMadagascarMalagasy
64%
8.9 millionBolivia, PeruQuechua
59%
8.8 millionBurundiKirundi
40%
8.3 millionZimbabweShona
40%
9.8 millionRwandaKinyarwanda
36%
34 millionIndonesiaSundanese
35%
12 millionMalawi, ZambiaChichewa
33%
13.6 millionIndonesiaMadurese
17%

Score Distribution

Percentile by Number Answered

Percent of People with Each Score

Your Score History

You have not taken this quiz